Normal view
MARC view
- Besselink, Igo
Entry Personal Name
001 - CONTROL NUMBER
- control field: 83849
003 - CONTROL NUMBER IDENTIFIER
- control field: NUST
005 - DATE AND TIME OF LATEST TRANSACTION
- control field: 20211110155828.0
008 - FIXED-LENGTH DATA ELEMENTS
- fixed length control field: 211110|| aca||aabn | a|a d
040 ## - CATALOGING SOURCE
- Original cataloging agency: NUST
- Transcribing agency: NUST
100 ## - HEADING--PERSONAL NAME
- Personal name: Besselink, Igo
670 ## - SOURCE DATA FOUND
- Source citation: Work cat.: (NUST)33009: Pacejka, H. B. 83846, Tire and vehicle dynamics /, 2012.
